000 00253nam a22001097a 4500
082 _a001
_bBRI/W
100 _aBRICKER, HARRY
245 _aWORDS TO KNOW
260 _aUSA
_bSTANDARD EDUCATIONAL CORPORATION
650 _aGENERAL KNOWLEDGE
_zUSA
942 _cBK
999 _c2912
_d2912